| 000 | 01469nam a2200337 i 4500 | ||
|---|---|---|---|
| 001 | 16949 | ||
| 003 | ES-MaACL | ||
| 005 | 20251203063030.0 | ||
| 007 | t| | ||
| 008 | 001127s1955 sp ||||1| spa d | ||
| 080 | _a75 Labra, José María de (064.3) | ||
| 100 | 1 |
_aLabra, José María de, _d1925-1993 _969271 |
|
| 245 | 1 | 0 |
_aJosé María de Labra, pintor _b: [exposición, Sala del Prado del Ateneo de Madrid, 29 de abril-14 de mayo de 1955] / _c[texto de] Miguel Fisac. |
| 260 |
_aMadrid : _bAteneo, _c1955. |
||
| 300 |
_a[32] p. : _bprincipalmente il. n. ; _c22 cm. |
||
| 490 | 1 |
_aCuadernos de arte. Colección ordinaria ; _v6 |
|
| 600 | 1 | 4 |
_aLabra, José María de, _d1925-1993- _vExposiciones _969272 |
| 610 | 2 | 4 |
_aAteneo de Madrid- _vExposiciones- _y1950-1959 _91919 |
| 610 | 2 |
_aAteneo de Madrid- _vObras digitalizadas. _91930 |
|
| 655 | 7 |
_2tgfbne _9193628 _aCatálogos de exposiciones |
|
| 700 | 1 |
_aFisac, Miguel, _d1913-2006 _950964 |
|
| 710 | 2 |
_aAteneo de Madrid. _bSala del Prado. _91965 |
|
| 830 | 0 |
_aCuadernos de arte. Colección ordinaria _v6 _9180064 |
|
| 852 |
_aES-MaACL _j2159-F-6 _cDEPOF _zRevisado enlace: 21 de Abril de 2025 |
||
| 852 |
_aES-MaACL _j2189-F-2 _cDEPOF _zRevisado enlace: 21 de Abril de 2025 |
||
| 852 |
_aES-MaACL _jC-29565(5) |
||
| 852 |
_aES-MaACL _jG-13291(5) _cSPP3 |
||
| 856 | 4 |
_uhttp://www.ateneodemadrid.com/biblioteca_digital/folletos/CACo-006.pdf _yVer documento |
|
| 942 | _2udc | ||
| 999 |
_c16949 _d16949 |
||